Catalog

Record Details

Catalog Search



Available copies

  • 1 of 1 copy available at LARL/NWRL Consortium.
  • 1 of 1 copy available at Lake Agassiz Regional Library. (Show preferred library)

Current holds

0 current holds with 1 total copy.

Show Only Available Copies
Location Call Number / Copy Notes Barcode Shelving Location Status Due Date
Moorhead Public Library TRA (Text) 33500010668523 Main Available -

Record details

  • ISBN: 9780809092970 (pbk. : alk. paper)
  • ISBN: 0809092972 (pbk. : alk. paper)
  • Physical Description: 308 p. ; 21 cm.
  • Edition: Farrar, Straus and Giroux pbk. ed.
  • Publisher: New York : Farrar, Straus and Giroux, 2010.

Content descriptions

Summary, etc.:
Three American adventurers decide to invest their ... Read More
Subject: Americans > Mexico > Fiction.
Gold mines and mining > Mexico > Fiction.
Mexico > Fiction.
LDR 01344cam a2200349 a 4500
001139672
003LARL_NWRL_CONSORTIUM
00520120305090945.0
008090731s2010 nyu 000 1 eng
010 . ‡a2009933913
020 . ‡a9780809092970 (pbk. : alk. paper)
020 . ‡a0809092972 (pbk. : alk. paper)
035 . ‡a(OCoLC)642203872
040 . ‡aDLC ‡cDLC ‡dYDXCP ‡dN15 ‡dBDX
0411 . ‡aeng ‡hger
05000. ‡aPT3919.T7 ‡bS43 2010
08200. ‡a833/.912 ‡222
1001 . ‡aTraven, B. ‡0(LARL_NWRL_CONSORTIUM)56108
24514. ‡aThe treasure of the Sierra Madre / ‡cB. Traven.
250 . ‡aFarrar, Straus and Giroux pbk. ed.
260 . ‡aNew York : ‡bFarrar, Straus and Giroux, ‡c2010.
300 . ‡a308 p. ; ‡c21 cm.
520 . ‡aThree American adventurers decide to invest their resources in a dangerous search for a lost gold mine in the mountains of Mexico.
650 0. ‡aAmericans ‡zMexico ‡vFiction. ‡0(LARL_NWRL_CONSORTIUM)163284
650 0. ‡aGold mines and mining ‡zMexico ‡vFiction.
651 0. ‡aMexico ‡vFiction. ‡0(LARL_NWRL_CONSORTIUM)163155
948 . ‡hNO HOLDINGS IN LAL - 21 OTHER HOLDINGS
994 . ‡aZ0 ‡bLAL
901 . ‡a139672 ‡bOCLC ‡c139672 ‡tbiblio

Additional Resources